[Event "Wch U20 Girls"]
[Site "Yerevan"]
[Date "1999.09.25"]
[Round "8"]
[White "Tkeshelashvili, Sofia"]
[Black "Kouvatsou, Maria"]
[Result "0-1"]
[WhiteElo "2284"]
[BlackElo "2152"]

1.d4 Nf6 2.Bg5 c5 3.Bxf6 gxf6 4.d5 Qb6 5.Qc1 f5 6.e3 Bg7 7.c3 e6 8.Bc4 Na6
9.Nh3 Nc7 10.Nf4 Bh6 11.Qd2 Qd6 12.Na3 a6 13.O-O-O b5 14.Bb3 Bxf4 15.exf4 c4
16.Bxc4 bxc4 17.Nxc4 Qxd5 18.Nd6+ Ke7 19.Qe2 Qc5 20.Qh5 Nd5 21.Nxf5+ Kd8
22.Nh6 Rf8 23.Nxf7+ Kc7 24.Rd4 Bb7 25.Rhd1 Bc6 26.R1d3 Rab8 27.Ng5 Qb5 28.Rd2 Nxc3
29.Nxe6+ dxe6 30.Qxh7+ Kc8 31.bxc3 Qf1+ 32.Rd1 Qxf2 33.Qc2 Rxf4 34.Qxf2 Rxf2
35.R4d2 Rxg2 36.Rxg2 Bxg2 37.Rd6 Bh3 38.Rxa6 Kd7 39.c4 Rg8 40.Ra7+ Kc6 41.Rh7 Bf5  0-1

[Event "Wch U20 Girls"]
[Site "Yerevan"]
[Date "1999.09.28"]
[Round "11"]
[White "Tkeshelashvili, Sofia"]
[Black "Vajda, Szidonia"]
[Result "1-0"]
[WhiteElo "2284"]
[BlackElo "2397"]

1.d4 Nf6 2.Bg5 c5 3.Bxf6 gxf6 4.d5 Qb6 5.Qc1 f5 6.e3 Bg7 7.c3 e6 8.Bc4 Na6
9.Nh3 Nc7 10.Nf4 Bh6 11.O-O Bxf4 12.exf4 exd5 13.Re1+ Kd8 14.Bd3 Qf6 15.Nd2 Re8
16.Nf3 Rxe1+ 17.Qxe1 d6 18.Qe2 Be6 19.g3 Ne8 20.Rd1 Rc8 21.Nh4 h6 22.Qc2 Kc7
23.Bxf5 Kb8 24.Bd3 Nc7 25.Be2 Rg8 26.Kh1 Bd7 27.Bf3 Ne6 28.Qf5 Qe7 29.Qxd5 Bc6
30.Qxd6+ Qxd6 31.Rxd6 Bxf3+ 32.Nxf3 Kc7 33.Rd5 b6 34.Rf5 Nd8 35.Ne5 Rg7 36.Rf6 Rh7
37.Kg2 h5 38.h4 Rh8 39.Nxf7 Rf8 40.Nd6  1-0

[Event "World Cities-ch 2nd"]
[Site "Shenyang"]
[Date "1999.10.06"]
[Round "5"]
[White "Goldenberg, Richard"]
[Black "Irzhanov, Ruslan"]
[Result "1/2-1/2"]
[WhiteElo "2270"]
[BlackElo "2536"]

1.d4 Nf6 2.Bg5 g6 3.Bxf6 exf6 4.e3 f5 5.Nd2 Bg7 6.g3 d6 7.Bg2 Nd7 8.Ne2 O-O
9.c3 Nf6 10.Qc2 c6 11.O-O Re8 12.b4 g5 13.Rfe1 Qe7 14.Rad1 d5 15.a3 Ne4 16.Nc1 h5
17.Nd3 h4 18.f3 Nd6 19.e4 fxe4 20.fxe4 dxe4 21.Nxe4 Bf5 22.Nxd6 Qxd6 23.Qf2 Rxe1+
24.Nxe1 Qg6 25.Nf3 h3 26.Bf1 Re8 27.Re1 Rxe1 28.Qxe1 Be6 29.Ne5 Qh5 30.g4 Qh7
31.Qe3 Bxe5 32.Qxe5 Qh4 33.Qb8+ Kg7 34.Qe5+ Kf8 35.Qb8+ Kg7 36.Qe5+ Kf8 37.Qb8+ Ke7
38.Qc7+  1/2-1/2

[Event "World Cities-ch 2nd"]
[Site "Shenyang"]
[Date "1999.10.07"]
[Round "7"]
[White "Wahono, Awam"]
[Black "Khasin, Alexander"]
[Result "1/2-1/2"]
[WhiteElo "2390"]
[BlackElo "2511"]

1.d4 Nf6 2.Bg5 g6 3.Nf3 Bg7 4.c3 O-O 5.Nbd2 d6 6.e3 c5 7.Be2 Nc6 8.O-O cxd4
9.cxd4 h6 10.Bh4 a6 11.h3 Be6 12.a3 Rc8 13.Bxf6 exf6 14.Nb1 Qb6 15.Nc3 Bb3
16.Qb1 f5 17.Nd2 Na5 18.Qd3 Be6 19.Rab1 d5 20.Bf3 Qd6 21.Ne2 Bd7 22.Nc3 Be6
23.Ne2 Bd7  1/2-1/2

[Event "EU-ch U20"]
[Site "Patras"]
[Date "1999.10.08"]
[Round "4"]
[White "Kobrin, Michael"]
[Black "Medvegy, Zoltan"]
[Result "0-1"]
[WhiteElo "2355"]
[BlackElo "2397"]

1.d4 Nf6 2.Bg5 d5 3.Nf3 Ne4 4.Bf4 Bf5 5.Nbd2 e6 6.e3 g5 7.Nxe4 gxf4 8.Nc3 fxe3
9.fxe3 c5 10.Bb5+ Nc6 11.O-O a6 12.Bxc6+ bxc6 13.Qe2 Bg6 14.Rad1 cxd4 15.exd4 Bd6
16.Ne5 Qc7 17.Ng4 Kd8 18.Na4 Bh5 19.Qf2 Qe7 20.Nh6 Bxd1 21.Nxf7+ Kc7 22.Nxh8 Bh5
23.Qd2 Rxh8 24.Qa5+ Kb8 25.Qxa6 Qb7 26.Qxb7+ Kxb7 27.Rf6 Re8 28.Nc3 Bg6 29.Rf2 e5  0-1

[Event "Tatry op"]
[Site "Tatranska Lomnica"]
[Date "1999.10.08"]
[Round "7"]
[White "Trojacek, Pavel"]
[Black "Vyskocil, Neklan"]
[Result "0-1"]
[WhiteElo "2156"]
[BlackElo "2291"]

1.d4 Nf6 2.Bg5 g6 3.Bxf6 exf6 4.e3 d5 5.c4 Bg7 6.Nc3 dxc4 7.Bxc4 O-O 8.Nge2 Nc6
9.O-O f5 10.Rc1 a6 11.a3 Qd6 12.b4 Bd7 13.Bd3 Rfe8 14.Qb3 Nd8 15.Qd5 Qe7
16.Qb3 c6 17.Na4 Be6 18.Qc2 Rb8 19.Nc5 Bc8 20.Bc4 Ne6 21.Rfd1 Rd8 22.Qb3 Nc7
23.Nf4 Bh6 24.Ncd3 b5 25.Bxf7+ Qxf7 26.Qxf7+ Kxf7 27.Rxc6 Nd5  0-1

[Event "BCF-chT 99/00 (4NCL)"]
[Site "Birmingham"]
[Date "1999.10.09"]
[Round "1"]
[White "Povah, Nigel E"]
[Black "Ferguson, Mark"]
[Result "1/2-1/2"]
[WhiteElo "2360"]
[BlackElo "2371"]

1.d4 d5 2.Bg5 Nf6 3.Bxf6 exf6 4.e3 Be6 5.Bd3 c5 6.dxc5 Bxc5 7.c3 O-O 8.Nd2 Nc6
9.Nb3 Bb6 10.Nf3 Ne5 11.Bc2 Qd6 12.Nbd4 g6 13.Qe2 Rac8 14.h3 Ba5 15.O-O Rfd8  1/2-1/2

[Event "BCF-chT 99/00 (4NCL)"]
[Site "Birmingham"]
[Date "1999.10.10"]
[Round "2"]
[White "Dishman, Stephen"]
[Black "Yastrebov, Alexander"]
[Result "1-0"]
[WhiteElo "2364"]
[BlackElo "2178"]

1.d4 d5 2.Bg5 Nf6 3.Nd2 Bf5 4.e3 e6 5.Ngf3 c5 6.c3 h6 7.Bxf6 gxf6 8.Bb5+ Nd7
9.dxc5 Bxc5 10.Nd4 Bg6 11.N2b3 Bd6 12.O-O Rc8 13.f4 Be4 14.Nd2 Bc5 15.Nxe4 dxe4
16.f5 e5 17.Ne6 Qe7 18.Qg4 a6 19.Qg7 axb5 20.Qxh8+ Nf8 21.Nxf8 Bxe3+ 22.Kh1 Qxf8
23.Qxf6 Qc5 24.Rad1 Bg5 25.Qh8+ Ke7 26.f6+ Ke6 27.Qh7 Bf4 28.Qxe4 Qe3 29.Qd5+ Kxf6
30.Rde1  1-0

[Event "Bundesliga 9900"]
[Site "Germany"]
[Date "1999.10.10"]
[Round "2"]
[White "Knaak, Rainer"]
[Black "Georgiev, Vladimir"]
[Result "0-1"]
[WhiteElo "2505"]
[BlackElo "2519"]

1.d4 Nf6 2.Bg5 d5 3.e3 c5 4.Bxf6 gxf6 5.Nc3 Nc6 6.Qh5 e6 7.O-O-O f5 8.f4 c4
9.g4 fxg4 10.e4 Ne7 11.f5 exf5 12.exd5 Qd6 13.Re1 a6 14.Bxc4 Bd7 15.Kb1 b5
16.Bb3 Bg7 17.Nge2 O-O 18.h3 h6 19.hxg4 fxg4 20.Ne4 Qg6 21.Nf4 Qf5 22.Qh2 Kh8
23.Nd6 Qg5 24.Ne4 Qf5 25.Nh5 Ng8 26.Nxg7 Kxg7 27.Nc5 Rad8 28.Qc7 Nf6 29.Rhf1 Rfe8
30.Ne6+ fxe6 31.Rxf5 exf5 32.Rxe8 Rxe8 33.a4 Kg6 34.axb5 axb5 35.c3 Kg5 36.Qh2 f4
37.Bd1 Re3 38.d6 Bc6 39.Kc1 g3 40.Qg1 h5 41.d5 Bxd5 42.Bxh5 g2 43.Bd1 Rg3
44.Bc2 Rh3 45.Kd2 Rh1 46.d7 Rxg1  0-1

[Event "Bundesliga 9900"]
[Site "Germany"]
[Date "1999.10.10"]
[Round "2"]
[White "Rustemov, Alexander"]
[Black "Ribli, Zoltan"]
[Result "1/2-1/2"]
[WhiteElo "2573"]
[BlackElo "2586"]

1.d4 Nf6 2.Bg5 d5 3.e3 Nbd7 4.Nf3 e6 5.Nbd2 Be7 6.Bd3 c5 7.c3 b6 8.Qa4 O-O
9.Ne5 Bb7 10.O-O a6 11.Qc2 h6 12.Bxf6 Bxf6 13.f4 Bxe5 14.fxe5 f6 15.exf6 Rxf6
16.Rxf6 Qxf6 17.Rf1 Qe7 18.Qd1 e5 19.Bf5 exd4 20.exd4 Qe3+ 21.Rf2 Nf8 22.Nf1 Qe7
23.Qg4 Re8 24.h4 Qd6 25.Rf3 cxd4 26.Qxd4 Qc5 27.Re3 Qxd4 28.cxd4 Rxe3 29.Nxe3 Kf7
30.Kf2 Ne6 31.Bxe6+ Kxe6 32.Kf3 Bc6 33.Kf4 Kf6 34.Ng4+ Ke6 35.Ne5 Be8 36.g3 a5
37.a3 Kf6 38.Ng4+ Ke6 39.Ne3 Bc6 40.Kf3 Kf6 41.Nd1 Ba4 42.Nc3 Bc6 43.b4 axb4
44.axb4 Ke6 45.Kf4 Be8 46.g4 g6 47.Nd1 Ba4 48.Ne3 Be8 49.Kg3 Kd6 50.Kf4 Ke6
51.Nd1 Ba4 52.Nc3 Be8 53.g5 h5  1/2-1/2

[Event "Asia-chT"]
[Site "Shenyang"]
[Date "1999.10.10"]
[Round "1"]
[White "Du Shan"]
[Black "Vakhidov, Tahir"]
[Result "1/2-1/2"]
[WhiteElo "2327"]
[BlackElo "2467"]

1.d4 Nf6 2.Bg5 d5 3.e3 c6 4.Bd3 Nbd7 5.Nf3 g6 6.Nbd2 Bg7 7.h3 O-O 8.O-O Ne8
9.c4 dxc4 10.Nxc4 Nb6 11.Nxb6 axb6 12.Bc4 b5 13.Bb3 Nc7 14.Bf4 Ne6 15.Be5 Bxe5
16.Nxe5 Qd6 17.Nd3 Nc7 18.Rc1 Bf5 19.Ne5 Be6 20.a3 Bxb3 21.Qxb3 Ne6 22.Nd3 Rfd8
23.Nc5 Nxc5 24.Rxc5 e6 25.Rfc1 Qe7 26.Qc2 Rd5 27.Qe4 Qd6 28.g3 Ra4 29.Qc2 Qe7
30.Qd3 Qd7 31.Qe4 Qd6 32.Qc2 Qe7 33.Qd3 Qf6 34.Qe4 Qd8 35.Kg2 Qd6 36.Qc2 Qd8
37.Kg1 Qa8 38.Rxd5 exd5 39.Qc5 Qd8 40.Rc3 Kg7 41.h4 h5 42.Rc1 Qf8 43.Qxf8+ Kxf8
44.Kf1 b4 45.axb4 Rxb4 46.Rc2 Ke7 47.Ke2 Ke6 48.Kd1 Kf5 49.f3 Ra4 50.Kd2 Ra1
51.Rc1 Ra2 52.Kc3 Ra4 53.Kb3 Ra5 54.Kb4 Rb5+ 55.Kc3 Ra5 56.Kb4 Rb5+ 57.Kc3 Ra5
58.Kd3 Rb5 59.Kc2 Ra5 60.Rg1 Ke6 61.g4 hxg4 62.fxg4 Ra8 63.Rh1 Rh8 64.Kd3 g5
65.h5 f5 66.gxf5+ Kxf5 67.Rf1+ Kg4 68.Rg1+ Kf5 69.Rf1+ Kg4 70.Rg1+ Kf5 71.Rf1+ Ke6
72.Rh1 Kf5 73.Rf1+ Ke6 74.Rh1  1/2-1/2

[Event "BUL-GRE (Women)"]
[Site "Corfu"]
[Date "1999.10.13"]
[Round "2"]
[White "Botsari Miladinovic, Anna Maria"]
[Black "Genova, Ruzka"]
[Result "1-0"]
[WhiteElo "2309"]
[BlackElo "2240"]

1.d4 Nf6 2.Bg5 g6 3.Bxf6 exf6 4.e3 Bg7 5.g3 O-O 6.Bg2 d5 7.Ne2 c6 8.O-O Nd7
9.Nd2 f5 10.c4 Nf6 11.Nc3 dxc4 12.Nxc4 Be6 13.Qe2 Qe7 14.a3 Rfd8 15.b4 Nd5
16.Nxd5 Bxd5 17.Bxd5 Rxd5 18.Qf3 h5 19.Na5 h4 20.Rac1 Rad8 21.Rc5 Bf6 22.Rfc1 h3
23.Rxd5 Rxd5 24.Nb3 Kg7 25.Nc5 Bg5 26.Rb1 b6 27.Nd3 Qe4 28.Qxe4 fxe4 29.Ne5 c5
30.bxc5 bxc5 31.Rb5 Be7 32.f3 exf3 33.Kf2 f6 34.Nd3 g5 35.Kxf3 f5 36.Nxc5 g4+
37.Kf2 Kf6 38.a4 Bxc5 39.Rxc5 Rd6 40.a5 Rd7 41.e4 Rxd4 42.Rxf5+ Ke6 43.Ke3 Ra4
44.Kf4 Ra2 45.Kxg4 Rxh2 46.Rh5 Re2 47.Kxh3 Rxe4 48.Rh7 Ra4 49.Rxa7 Kf5 50.a6 Kg5
51.Ra8 Kg6 52.Kg2 Ra3 53.Kh3 Ra4 54.g4 Kg7 55.Kh4 Kg6 56.Kg3 Kg7 57.Kf3 Kh7
58.g5 Kg7 59.Ke3 Kh7 60.Kd3 Ra5 61.Kc4 Rxg5 62.Rc8 Ra5 63.Rc7+ Kg6 64.a7 Kf6
65.Kb4 Ra1 66.Kb5 Ke6 67.Rc6+ Kd5 68.Ra6 Rb1+ 69.Ka5 Ra1+ 70.Kb6  1-0

[Event "Wichern op 5th"]
[Site "Hamburg"]
[Date "1999.10.17"]
[Round "3"]
[White "Steinbrenner, Juerg"]
[Black "Voelzke, Ferdinand"]
[Result "1-0"]
[WhiteElo "1902"]
[BlackElo "2265"]

1.d4 Nf6 2.Bg5 g6 3.Nf3 Bg7 4.Nc3 c5 5.e4 Qa5 6.Bd2 cxd4 7.Nxd4 Nxe4 8.Nxe4 Qd5
9.Qf3 Qe5 10.Be2 d5 11.Ng3 h5 12.c3 h4 13.Nf1 Nc6 14.Be3 f6 15.Nd2 a6 16.N2b3 Qd6
17.Nxc6 bxc6 18.Bc5 Qd7 19.Qd3 Kf7 20.f4 a5 21.O-O Qc7 22.Nd4 f5 23.Qe3 e5
24.fxe5 Bxe5 25.Nf3 Bf6 26.Rae1 f4 27.Qd2 h3 28.Bd3 hxg2 29.Qxg2 Rh6 30.Ng5+ Kg7
31.Ne6+ Bxe6 32.Rxe6 Rd8 33.Bd4 Bxd4+ 34.cxd4 Qf7 35.Qg4 Rf8 36.Rfe1 f3 37.R1e5 f2+
38.Kf1 Kh8 39.Rxg6 Rxh2 40.Rh5+ Qh7  1-0

[Event "Wichern op 5th"]
[Site "Hamburg"]
[Date "1999.10.18"]
[Round "5"]
[White "Hennig, Dirk"]
[Black "Georgiev, Vladimir"]
[Result "1-0"]
[WhiteElo "2430"]
[BlackElo "2519"]

1.d4 Nf6 2.Bg5 d5 3.Bxf6 gxf6 4.e3 c5 5.dxc5 Qa5+ 6.Nc3 e6 7.Qd4 Bg7 8.Bb5+ Nc6
9.Qa4 Qxa4 10.Bxa4 f5 11.Nge2 Ke7 12.Bxc6 bxc6 13.Nd4 Bd7 14.f4 Rhg8 15.g3 h5
16.a3 h4 17.Kf2 Rh8 18.Rag1 Rh7 19.Nce2 Rah8 20.Kg2 a5 21.b3 Rb8 22.Nc1 f6
23.Nf3 h3+ 24.Kf2 e5 25.c3 Bc8 26.Rd1 Ba6 27.Rd2 Rhh8 28.Rhd1 Rb7 29.b4 Bc4
30.Rb2 Ra8 31.Nd2 Bb5 32.Ndb3 axb4 33.axb4 Bf8 34.Rdd2 Rd7 35.Ra2 Rad8 36.Ra3 Ke6
37.Rb2 Be7 38.Rb1 Rb8 39.Rba1 Bd8 40.Ra7 Bc7 41.Ra8 Rdd8 42.Rxb8 Rxb8 43.Nd2 Re8
44.Nf3 Kd7 45.Ra7 Kc8 46.Nh4 exf4 47.exf4 Re4 48.Nf3 Kb8 49.Ra1 Kb7 50.Nd4 Bc4
51.Nce2 Re8 52.Ng1 Bd3 53.Ngf3 Rg8 54.Nh4 Rg4 55.Nhxf5 Be4 56.Nd6+ Bxd6 57.cxd6 Rg8
58.Ne6 Bf5 59.Re1 Kb6 60.Nc5 Ra8 61.d7 Kc7 62.Re8  1-0

[Event "Wichern op 5th"]
[Site "Hamburg"]
[Date "1999.10.22"]
[Round "9"]
[White "Lange, Siegfried"]
[Black "Strenzke, Guenter"]
[Result "1/2-1/2"]
[WhiteElo "2110"]
[BlackElo "1891"]

1.d4 Nf6 2.Bg5 d5 3.Bxf6 exf6 4.e3 Bd6 5.Bd3 O-O 6.Nd2 c6 7.h3 Re8 8.Qf3 Nd7
9.Ne2 Nf8 10.g4 Be6 11.Ng3 c5 12.dxc5 Bxc5 13.Nb3 d4 14.e4 Bb4+ 15.Kf1 Ng6
16.Nf5 Ne5 17.Qe2 Nc6 18.a3 Bf8 19.Nd2 g6 20.Ng3 Bd6 21.Kg2 Bxg3 22.Kxg3 f5  1/2-1/2

[Event "VAM Hoogeveen op"]
[Site "Hoogeveen"]
[Date "1999.10.22"]
[Round "8"]
[White "Barsov, Alexei"]
[Black "Van den Doel, Erik"]
[Result "1/2-1/2"]
[WhiteElo "2539"]
[BlackElo "2528"]

1.d4 d5 2.Bg5 Nf6 3.Bxf6 gxf6 4.e3 c5 5.c3 Nc6 6.dxc5 e6 7.Nf3 Bxc5 8.Nbd2 Bd7
9.Be2 f5 10.O-O O-O 11.c4 dxc4 12.Nxc4  1/2-1/2

[Event "Wch U16"]
[Site "Oropesa del Mar"]
[Date "1999.10.29"]
[Round "6"]
[White "Szymanski, Marcin"]
[Black "Fluvia, Jordi"]
[Result "1-0"]
[WhiteElo "2327"]
[BlackElo "2097"]

1.d4 Nf6 2.Bg5 d5 3.Bxf6 exf6 4.e3 Bd6 5.c4 dxc4 6.Bxc4 O-O 7.Nf3 Bg4 8.h3 Bh5
9.O-O c5 10.dxc5 Bxc5 11.Qd5 Bxf3 12.Qxf3 Nc6 13.Bd5 Rc8 14.Nc3 Qe7 15.Rfd1 Ne5
16.Qe4 b6 17.a3 Rfd8 18.Rac1 Bd6 19.Nb5 Bb8 20.Rxc8 Rxc8 21.f4 Ng6 22.Qxe7 Nxe7
23.Bb7 Re8 24.Rd7 Kf8 25.Nd4 f5 26.Kf2 g6 27.Ba6 h6 28.g3 Kg7 29.Bb5 Kf8
30.Bc4 Rc8 31.Bb3 Ke8 32.Rb7 Rd8 33.Rxe7+ Kxe7 34.Nc6+ Kd7 35.Nxd8 Kxd8 36.Bxf7 Ke7
37.Bxg6 Kf6 38.Bh5 Bd6 39.a4 Bc5 40.Kf3 a6 41.b3 b5 42.axb5 axb5 43.g4 Ba3
44.gxf5 Kxf5 45.Bg4+ Kg6 46.e4 Bc1 47.e5 Bd2 48.Ke4 b4 49.Bd7 Bc1 50.Be8+ Kg7
51.f5 Bb2 52.Bh5  1-0

[Event "Chigorin mem"]
[Site "St Petersburg"]
[Date "1999.11.02"]
[Round "1"]
[White "Jaghubov, Emin Z"]
[Black "Vaulin, Alexander"]
[Result "0-1"]
[WhiteElo "2315"]
[BlackElo "2492"]

1.d4 Nf6 2.Bg5 d5 3.Nf3 Ne4 4.Bh4 c5 5.e3 Qb6 6.Nc3 Qxb2 7.Nxd5 Nc3 8.Nxc3 Qxc3+
9.Nd2 cxd4 10.Bb5+ Bd7 11.Bxd7+ Nxd7 12.O-O dxe3 13.fxe3 f6 14.Rb1 O-O-O
15.Rb3 Qc6 16.Qg4 e5 17.Ne4 h5 18.Qf5 Kb8 19.Rd1 Be7 20.Rbd3 Nc5 21.Nxc5 Qxc5
22.Qe4 Rxd3 23.Rxd3 Rc8 24.Rd7 Rc7 25.Rxc7 Kxc7 26.h3 Qb4 27.c4 g5 28.Bf2 b5
29.Qa8 bxc4 30.Qxa7+ Qb7 31.Qa4 Qe4 32.Qa7+ Qb7 33.Qa4 Qe4 34.Qa7+ Kd8 35.Be1 Ke8
36.Qb6 Qd5 37.Kh2 Qc5 38.Qb8+ Kf7 39.Qh8 Qxe3 40.Qxh5+ Kg7 41.Qe8 Bc5 42.Qd7+ Kh6
43.Bd2 Qg1+ 44.Kg3 Bf2+ 45.Kf3 e4+ 46.Ke2 Qxg2 47.Bxg5+ fxg5 48.Qe6+ Kh5
49.Qf7+ Kh4 50.Qxf2+ Qxf2+  0-1

[Event "Wch U14"]
[Site "Oropesa del Mar"]
[Date "1999.11.04"]
[Round "10"]
[White "Berkes, Ferenc"]
[Black "Timofeev, Artjem"]
[Result "0-1"]
[WhiteElo "2353"]
[BlackElo "2391"]

1.d4 Nf6 2.Bg5 d5 3.Bxf6 gxf6 4.e3 c5 5.Nc3 Nc6 6.Qh5 e6 7.O-O-O cxd4 8.exd4 Bb4
9.Nge2 Bd7 10.f4 Qe7 11.Nb5 Rc8 12.f5 Kd8 13.g3 a6 14.Nbc3 Na5 15.Rd3 Nc4
16.Bg2 Rc6 17.Rf1 Kc8 18.Qh6 Rf8 19.Rdf3 exf5 20.Nf4 Bxc3 21.Rxc3 Re8 22.Rd1 Qb4
23.Rb3 Qa5 24.Bxd5 Re1 25.Qf8+ Kc7 26.Qb4 Qxa2 27.Qxb7+ Kd8 28.Ra3 Rxd1+
29.Kxd1 Qb1+ 30.Ke2 Qxc2+ 31.Kf1 Rc7 32.Qb8+ Rc8 33.Qb4 Nxa3 34.bxa3 Qd1+
35.Kf2 Rc2+ 36.Ke3 Qc1+ 37.Kd3 Bb5+ 38.Qxb5 Qd2+  0-1

[Event "Monarch Assurance 8th"]
[Site "Port Erin"]
[Date "1999.11.08"]
[Round "3"]
[White "Jackson, Adrian"]
[Black "Shipov, Sergei"]
[Result "0-1"]
[WhiteElo "2223"]
[BlackElo "2658"]

1.d4 Nf6 2.Bg5 d5 3.Bxf6 exf6 4.e3 Bd6 5.c4 dxc4 6.Bxc4 O-O 7.Ne2 f5 8.O-O Nd7
9.Nbc3 Nf6 10.h3 c6 11.a4 Bc7 12.Re1 Qd6 13.Ng3 Be6 14.Qb3 Bxc4 15.Qxc4 g6
16.Rac1 Qd7 17.f4 Rfe8 18.Nf1 Re6 19.Re2 Rae8 20.Rce1 Qe7 21.b4 Bd6 22.b5 Bb4
23.Rc1 Bxc3 24.Rxc3 Nd5 25.Rb3 Nxf4 26.Reb2 Nd5 27.bxc6 bxc6 28.Rb7 Qf6 29.Rxa7 f4
30.e4 Rxe4 31.Rbb7 Rxd4 32.Qc5 Rd1 33.Rxf7 Rxf1+ 34.Kh2 Qxf7 35.Rxf7 Kxf7
36.Qxc6 Rd1 37.Qb7+ Re7 38.Qb3 Ree1 39.Qb7+ Kf6 40.Qb2+ Ke6  0-1

[Event "Chigorin mem"]
[Site "St Petersburg"]
[Date "1999.11.08"]
[Round "7"]
[White "Jaghubov, Emin Z"]
[Black "Chehlov, Aleksander"]
[Result "1-0"]
[WhiteElo "2315"]
[BlackElo "2267"]

1.d4 Nf6 2.Bg5 d5 3.Nd2 e6 4.e3 Be7 5.Bd3 b6 6.Qe2 Bb7 7.Bxf6 gxf6 8.f4 Qc8
9.Qg4 Bf8 10.Ngf3 Nd7 11.Qh5 c5 12.f5 e5 13.dxe5 fxe5 14.Ng5  1-0

[Event "28th It"]
[Site "Lazarevac YUG"]
[Date "1999.11.09"]
[Round "9"]
[White "Ivanisevic,I"]
[Black "Solak,D"]
[Result "1-0"]
[WhiteElo "2447"]
[BlackElo "2457"]

1.d4 Nf6 2.Bg5 d5 3.e3 c5 4.Bxf6 gxf6 5.c4 cxd4 6.exd4 Nc6 7.Nc3 e5 8.Nf3 Bg4
9.cxd5 Bxf3 10.Qxf3 Nxd4 11.Bb5+ Nxb5 12.Nxb5 Qd7 13.O-O Bg7 14.a4 a6 15.Na3 Rd8
16.Nc4 Qxd5 17.Qg4 O-O 18.Ne3 Qd4 19.Qf3 Qf4 20.Qxb7 f5 21.Qxa6 Qg5 22.Qe2 f4
23.Nc4 Rd4 24.Nd2 Qg6 25.Rfe1 Re8 26.Qb5 Red8 27.Nf3 R4d5 28.Qc4 Kh8 29.a5 f5
30.a6 e4 31.Nh4 Qb6 32.Qxd5 Rxd5 33.a7 Ra5 34.a8=Q+ Rxa8 35.Rxa8+ Bf8 36.Rxf8+ Kg7
37.Rxf5 Qb4 38.Rf1 e3 39.fxe3 fxe3 40.Rf7+ Kg8 41.Rf8+ Kg7 42.R1f7+ Kh6 43.Nf5+  1-0

[Event "Monarch Assurance 8th"]
[Site "Port Erin"]
[Date "1999.11.09"]
[Round "4"]
[White "Ward, Christopher"]
[Black "Shneider, Aleksandr"]
[Result "1-0"]
[WhiteElo "2473"]
[BlackElo "2551"]

1.d4 Nf6 2.Bg5 d5 3.Bxf6 exf6 4.e3 f5 5.Bd3 Bd6 6.Nf3 O-O 7.O-O g6 8.Nbd2 Nd7
9.c4 c6 10.cxd5 cxd5 11.Qb3 Nf6 12.Ne5 Qe7 13.Ndf3 Be6 14.Rfc1 Ne4 15.Bf1 g5
16.Rc2 f4 17.exf4 gxf4 18.Ne1 f6 19.N1d3 Rac8 20.f3 Ng5 21.Nc5 Rxc5 22.dxc5 Bxc5+
23.Kh1 Be3 24.Rd1 Nf7 25.Nd3 d4 26.Qb5 b6 27.Nb4 Nd6 28.Qh5 Nf5 29.Bc4 Bxc4
30.Rxc4 Qe5 31.Qg4+ Kh8 32.Nd3 Qb5 33.b3 Rg8 34.Qh3 Qd5 35.Rc2 Rg6 36.Nf2 Rh6
37.Qg4 Ng3+ 38.Kg1 f5 39.Qg5 Rg6 40.Qh4 d3 41.Rxd3 Ne2+  1-0

[Event "Chigorin mem"]
[Site "St Petersburg"]
[Date "1999.11.09"]
[Round "8"]
[White "Kryschilovskij, Andrej"]
[Black "Kovaljov, Denis"]
[Result "1/2-1/2"]
[WhiteElo "2343"]
[BlackElo "2270"]

1.d4 Nf6 2.Bg5 d5 3.Bxf6 exf6 4.e3 Bd6 5.c4 dxc4 6.Bxc4 O-O 7.Nf3 c6 8.Nc3 f5
9.O-O Nd7 10.d5 c5 11.Rb1 a6 12.a4 Re8 13.g3 Ne5 14.Nxe5 Rxe5 15.Re1 g6 16.Rc1 Bd7
17.Kg2 Qe7 18.h4 Re8 19.Rh1 Rb8 20.Be2 b5 21.axb5 axb5 22.Bf3 Qf6 23.Ra1 Ree8
24.Ra7 Red8 25.Qc2 c4 26.Ne2 Bc5 27.Raa1 Rdc8 28.Rhd1 b4 29.Nd4 Bxd4 30.Rxd4 c3
31.Qb3 Qd6 32.Rc1 h5 33.Be2 Qc5 34.Bc4 cxb2 35.Rb1 Qd6 36.Rxb2 Rc5 37.Ra2 Kg7
38.Ra6 Rb6 39.Rxb6 Qxb6 40.d6 Qb7+ 41.Kh2 Qf3  1/2-1/2

[Event "Chigorin mem"]
[Site "St Petersburg"]
[Date "1999.11.09"]
[Round "8"]
[White "Kashtanov, Ruslan"]
[Black "Bratchenko, Alexander"]
[Result "1/2-1/2"]
[WhiteElo "2341"]
[BlackElo "2412"]

1.d4 Nf6 2.Bg5 c5 3.d5 Qb6 4.Nc3 d6 5.e4 g6 6.Bb5+ Bd7 7.a4 Bg7 8.Nf3 O-O
9.Nd2 h6 10.Bh4 a6 11.a5 Qd8 12.Be2 Bb5 13.O-O Ne8 14.Re1 Nc7 15.f4 Nd7 16.Bg4 Nf6
17.Bf3 Re8 18.e5 dxe5 19.fxe5 Nfxd5 20.Nxd5 Nxd5 21.c4 Nb4 22.cxb5 axb5 23.Bxb7 Rxa5
24.Rxa5 Qxa5 25.Nf3 Rd8 26.Qe2 Nd3 27.Rd1 c4 28.Kf1 g5 29.Bg3 Nc5 30.Bc6 Rxd1+
31.Qxd1 Nd3 32.b3 e6 33.Be4 Qc3 34.bxc4 bxc4 35.Bxd3 cxd3 36.Ne1 Bxe5 37.Qxd3 Qxd3+
38.Nxd3 Bxg3 39.hxg3 f5 40.Ke2 Kf7 41.Ke3 Kf6 42.Kd4 h5 43.Ne5 Ke7 44.Kc5 Kf6
45.Kd4 Ke7 46.Nf3 Kf6 47.Nd2 e5+ 48.Kd5 h4 49.gxh4 gxh4 50.Nf1 e4 51.Ne3 Kg5
52.Ke5 f4 53.Kxe4  1/2-1/2

[Event "ch-ESP (team) Div 2"]
[Site "Cala Galdana ESP"]
[Date "1999.11.15"]
[Round "8"]
[White "Lillo Ferrer,J"]
[Black "Angel Acosta,J"]
[Result "1-0"]
[WhiteElo "2242"]
[BlackElo "2273"]

1.d4 Nf6 2.Bg5 g6 3.Bxf6 exf6 4.e3 Bg7 5.g3 O-O 6.Bg2 d5 7.Ne2 c6 8.O-O Na6
9.Nd2 Re8 10.c4 dxc4 11.Nxc4 Be6 12.Rc1 Bh6 13.a3 Qd7 14.Na5 Rac8 15.b4 Nb8
16.b5 Bd5 17.Bxd5 cxd5 18.a4 b6 19.Nb3 Qe6 20.Nd2 Nd7 21.Rxc8 Rxc8 22.Qb3 f5
23.Nb1 Nf6 24.Nbc3 g5 25.Nc1 f4 26.exf4 gxf4 27.Nd3 Qh3 28.Ne5 fxg3 29.hxg3 Rd8
30.Ne2 Ng4 31.Nxg4 Qxg4 32.Qd3 Re8 33.Nc3 Re3 34.Nxd5 Rxd3 35.Nf6+ Kg7 36.Nxg4 Rxd4
37.Nxh6 Kxh6 38.Ra1 Rb4 39.Kg2 Kg5 40.Ra2 f5 41.Ra3 h5 42.Kh3 Rb2 43.f4+ Kf6
44.Rc3 Ke6 45.Rc7 Ra2 46.Rxa7 Kd5 47.Re7 Rxa4 48.Re5+ Kc4 49.Rxf5 Ra5 50.Rxh5 Rxb5
51.f5  1-0

[Event "71st ch-GER"]
[Site "Altenkirchen GER"]
[Date "1999.11.18"]
[Round "7"]
[White "Jugelt,T"]
[Black "Paulsen,D"]
[Result "1-0"]
[WhiteElo "2401"]
[BlackElo "2331"]

1.d4 Nf6 2.Bg5 c5 3.Bxf6 gxf6 4.d5 f5 5.c3 e6 6.dxe6 fxe6 7.e4 Qb6 8.b3 fxe4
9.Qh5+ Kd8 10.Qe5 Rg8 11.Qxe4 Rg7 12.Nf3 d6 13.Qh4+ Kc7 14.Na3 Nd7 15.O-O-O Kb8
16.Qf4 Rg6 17.Kb2 a6 18.Qf7 d5 19.Qxh7 Rf6 20.c4 Ka7 21.Bd3 Rxf3 22.gxf3 Qd8
23.Rhg1 Qf6+ 24.Kb1 Ne5 25.Bc2 Bh6 26.cxd5 exd5 27.Rxd5 Nxf3 28.Rg6  1-0

[Event "7th Young Masters"]
[Site "Loures POR"]
[Date "1999.12.01"]
[Round "9"]
[White "Vitor,A"]
[Black "Conceicoa,P"]
[Result "1-0"]
[WhiteElo "2310"]
[BlackElo "2058"]

1.d4 Nf6 2.Bg5 d5 3.Bxf6 exf6 4.e3 g6 5.c4 dxc4 6.Bxc4 Bg7 7.Nc3 O-O 8.Nge2 f5
9.O-O Nd7 10.b4 c6 11.Bb3 Re8 12.a3 Nf6 13.Rb1 Be6 14.Bxe6 fxe6 15.b5 cxb5
16.Rxb5 b6 17.Qb3 Kh8 18.a4 Rb8 19.Rb1 Qd6 20.a5 Nd7 21.axb6 Nxb6 22.Ra1 Rb7
23.f4 Rc7 24.Ra6 Qd7 25.Na4 Nxa4 26.Qxa4 Rec8 27.Rba5 Qe7 28.Rxa7 Rc1+ 29.Nxc1 Rxc1+
30.Kf2 Qh4+ 31.Ke2 Qe1+ 32.Kf3 Qf1+ 33.Kg3 Qe1+ 34.Kh3 Qxe3+ 35.g3 h5 36.Qe8+ Kh7
37.Rxg7+  1-0

[Event "Eu Team Ch"]
[Site "Batumi GEO"]
[Date "1999.12.02"]
[Round "4"]
[White "Comas Fabrego,L"]
[Black "Dautov,R"]
[Result "0-1"]
[WhiteElo "2510"]
[BlackElo "2597"]

1.d4 Nf6 2.Bg5 d5 3.Bxf6 exf6 4.e3 Bd6 5.c4 dxc4 6.Bxc4 O-O 7.Nc3 Nd7 8.Nge2 f5
9.O-O a6 10.Bd5 Nf6 11.Bf3 c6 12.Qc2 Qe7 13.g3 Bd7 14.Bg2 h5 15.h4 Rad8 16.a3 Rfe8
17.b4 Ng4 18.e4 fxe4 19.Nxe4 Bf5 20.N2c3 Bb8 21.Rad1 Ba7 22.d5 cxd5 23.Nxd5 Rxd5
24.Rxd5 Bxe4 25.Bxe4 Qxe4 26.Qxe4 Rxe4 27.Rd8+ Kh7 28.Rd7 Re2  0-1

[Event "Eu Team Ch"]
[Site "Batumi GEO"]
[Date "1999.12.06"]
[Round "7"]
[White "Anastasian,A"]
[Black "Tiviakov,S"]
[Result "1-0"]
[WhiteElo "2545"]
[BlackElo "2611"]

1.d4 Nf6 2.Bg5 d5 3.e3 c5 4.Bxf6 gxf6 5.c4 cxd4 6.exd4 Bg7 7.Nc3 dxc4 8.Bxc4 O-O
9.Nge2 Nc6 10.d5 Ne5 11.Bb3 f5 12.O-O Qd6 13.Nd4 Ng4 14.Nf3 Bd7 15.h3 Ne5
16.Re1 Ng6 17.Qd2 b5 18.Ne2 a5 19.Rad1 a4 20.Bc2 Rfc8 21.Ng3 Bxb2 22.Bxf5 Bc3
23.Qh6 Bxf5 24.Nxf5 Qf6 25.g4 Bxe1 26.Rxe1 Ra7 27.Ng5 Qh8 28.Qh5 Rf8 29.Nh6+ Kg7
30.Nf3 Rd8 31.Nd4 Rad7 32.Nhf5+ Kg8 33.Nc6 Qc3 34.Re3 Qa1+ 35.Kh2 Re8 36.Qh6 Qf6
37.h4 Kh8 38.h5 Rxd5 39.Ncxe7 Rdd8 40.hxg6 fxg6 41.Qxh7+ Kxh7 42.Rh3+  1-0

[Event "Eu Team Ch (women)"]
[Site "Batumi GEO"]
[Date "1999.12.06"]
[Round "8"]
[White "Charkhalashvili,I"]
[Black "Hund,B"]
[Result "1/2-1/2"]
[WhiteElo "2205"]
[BlackElo "2282"]

1.d4 Nf6 2.Bg5 c5 3.Bxf6 exf6 4.d5 f5 5.c3 d6 6.Qc2 Be7 7.e3 Bf6 8.Bb5+ Bd7
9.Bd3 g6 10.Nd2 Na6 11.e4 fxe4 12.Nxe4 Be7 13.Ne2 b5 14.Qd2 c4 15.Bc2 f5
16.N4g3 Bf6 17.Nd4 O-O 18.Kf1 Nc7 19.h4 Bxd4 20.Qxd4 Qf6 21.Qd2 Rae8 22.f4 Qf7
23.Rd1 Re7 24.h5 Bc8 25.hxg6 hxg6 26.b3 cxb3 27.Bxb3 Qg7 28.Kf2 Na6 29.Rh2 Nc5
30.Rdh1 Rfe8 31.Rh8+ Qxh8 32.Rxh8+ Kxh8 33.Qd4+ Kh7 34.Bc2 Rf8 35.Ne2 Bb7
36.Ng1 Kh6 37.Nf3 Ne4+ 38.Bxe4 fxe4 39.Qe3 Bxd5 40.f5+ Kg7 41.Qd4+ Rf6 42.g4 exf3
43.g5 Re5 44.gxf6+ Kxf6 45.fxg6 Kxg6 46.Qd3+ Kf6 47.Qxb5 Re2+ 48.Kf1 Bxa2
49.Qd3 Ke7 50.Qxf3 Bc4 51.Kg1 d5  1/2-1/2